| 000 | 01126nam a22002771 4500 | ||
|---|---|---|---|
| 001 | 15217 | ||
| 003 | BD-RjUL | ||
| 005 | 20211208235755.0 | ||
| 008 | 140209s1966 enkh b 001 0 eng | ||
| 035 | _a(BD-RjUL)15271 | ||
| 040 |
_aDLC _cDLC _dDLC _dBD-RjUL _beng |
||
| 041 | _aeng | ||
| 082 | 0 | 0 |
_a016.658 _bBAH 1966 _223 |
| 100 | 1 |
_aBakewell, K. G. B. _91830 |
|
| 245 | 1 | 0 |
_aHow to find out: management and productivity : _ba guide to sources of information arranged according to the Universal decimal classification / _cby K. G. B. Bakewell. |
| 250 | _a1st ed. | ||
| 260 |
_aOxford ; _aNew York : _bPergamon Press, _cc1966. |
||
| 300 |
_ax, 354 p. : _bill. ; _c20 cm. |
||
| 490 | 0 | _aThe Commonwealth and international library. Libraries and technical information division | |
| 504 | _aIncludes bibliographical references and index. | ||
| 650 |
_aIndustrial management _xBibliography. _9168367 |
||
| 650 |
_aLabor productivity _xBibliography. _9168368 |
||
| 830 |
_aThe Commonwealth and international library. Libraries and technical information division _9168369 |
||
| 942 |
_2ddc _cREF |
||
| 999 |
_c15217 _d15217 |
||